Komunitné centrum, Jarovce

Gespeichert in:
Bibliographische Detailangaben
1. Verfasser: Hegedűsová, Anabela (Verfasst von)
Weitere Verfasser: Macháčová, Klára (Betreuung Doktorarbeit)
Format: Manuskript Buch
Sprache:Slowakisch
Veröffentlicht: 2024
Schlagworte:
Online-Zugang:http://is.stuba.sk/zp/portal_zp.pl?podrobnosti=161763
Tags: Tag hinzufügen
Keine Tags, Fügen Sie das erste Tag hinzu!

MARC

LEADER 00000ntm a22000003a 4500
001 stuzp99557
003 SK-STU
005 20240615211519.5
007 ta
008 150427s2015----xo-----f-mn---000-0-slo-d
040 |a STU  |b slo 
041 0 |a slo 
100 1 |a Hegedűsová, Anabela  |u 052120  |4 aut  |U FAD Fakulta architektúry a dizajnu  |T FAD Ústav ekologickej a experimentálnej architektúry  |X 110034  |U A2120  |Y 393  |7 110034 
242 0 1 |a Community center, Jarovce  |y eng 
245 1 0 |a Komunitné centrum, Jarovce 
260 |c 2024 
650 4 |a sála  |2 slo 
650 4 |a Jarovce  |2 slo 
650 4 |a architektúra  |2 slo 
650 4 |a komunitné centrum  |2 slo 
650 4 |a hall  |2 eng 
650 4 |a architecture  |2 eng 
650 4 |a Jarovce  |2 eng 
650 4 |a community center  |2 eng 
700 1 |a Macháčová, Klára  |u 052120  |k Z1  |4 ths  |U FAD Fakulta architektúry a dizajnu  |T FAD Ústav ekologickej a experimentálnej architektúry  |X 42509  |U A2120  |Y 393  |7 A000042509 
856 4 |u http://is.stuba.sk/zp/portal_zp.pl?podrobnosti=161763